[Event "Wakefield 4NCL op-B 14th"]
[Site "Wokefield"]
[Date "2017.07.16"]
[Round "5"]
[White "Wunderle, John P"]
[Black "McLaren, Charlie"]
[Result "1/2-1/2"]
[WhiteElo "1727"]
[BlackElo "1795"]
[PlyCount "116"]
[EventDate "2017.07.14"]
[EventType "swiss"]
[EventRounds "5"]
[EventCountry "ENG"]
[SourceTitle "EXT 2018"]
[Source "ChessBase"]
[SourceDate "2017.10.13"]
[SourceVersion "1"]
[SourceVersionDate "2017.10.13"]
[SourceQuality "1"]

1. c4 Nf6 2. Nc3 g6 3. d4 d6 4. e4 Bg7 5. Be2 0-0 6. Bg5 Nbd7 7. Nf3 e5 8. dxe5 dxe5 9. 0-0 c6 10. h3 Qc7 11. Qd2 Rd8 12. Rad1 b6 13. Qd6 Qxd6 14. Rxd6 Bb7 15. Rfd1 Re8 16. Rxd7 Nxd7 17. Rxd7 Ba6 18. b4 f6 19. Be3 Red8 20. Rxd8+ Rxd8 21. a4 Bb7 22. c5 Bf8 23. cxb6 Bxb4 24. Na2 c5 25. Nxb4 cxb4 26. Bc4+ Kg7 27. Nd2 axb6 28. Kf1 Rc8 29. Bb5 Rc3 30. Bxb6 Rc2 31. Ke1 Ra2 32. Bc5 b3 33. Nxb3 Bxe4 34. a5 Bd5 35. a6 Bxb3 36. a7 Bd5 37. Be2 Kf7 38. g3 Ke6 39. f3 Kd7 40. Kf2 Kc6 41. Be3 Kb7 42. Kf1 Ra1+ 43. Kf2 Ra2 44. Kf1 Rxa7 45. Bxa7 Kxa7 46. Kf2 Kb6 47. Ke3 Kc6 48. g4 Kd6 49. h4 f5 50. f4 e4 51. h5 Be6 52. hxg6 hxg6 53. gxf5 gxf5 54. Bd1 Ke7 55. Be2 Kd6 56. Kd4 Bd7 57. Bc4 Be6 58. Be2 Bd7 1/2-1/2